Microsoft Visual Basic 6 : complete concepts and techniques / (Record no. 1512)

MARC details
000 -LEADER
fixed length control field 00787nam a2200241 4500
003 - CONTROL NUMBER IDENTIFIER
control field OSt
005 - DATE AND TIME OF LATEST TRANSACTION
control field 20240627071206.0
008 - FIXED-LENGTH DATA ELEMENTS--GENERAL INFORMATION
fixed length control field 240627b |||||||| |||| 00| 0 eng d
020 ## - INTERNATIONAL STANDARD BOOK NUMBER
International Standard Book Number 9789814057912
040 ## - CATALOGING SOURCE
Original cataloging agency DWCL-Main lib.
Transcribing agency OC
082 ## - DEWEY DECIMAL CLASSIFICATION NUMBER
Edition number Philippine edition
Classification number Circ. 005.133 M626v 2009
006 - FIXED-LENGTH DATA ELEMENTS--ADDITIONAL MATERIAL CHARACTERISTICS
fixed length control field a
100 ## - MAIN ENTRY--PERSONAL NAME
Personal name Gary B. Shelly
245 ## - TITLE STATEMENT
Title Microsoft Visual Basic 6 : complete concepts and techniques /
250 ## - EDITION STATEMENT
Edition statement Philippine edition
260 ## - PUBLICATION, DISTRIBUTION, ETC.
Place of publication, distribution, etc. Pasig City :
Name of publisher, distributor, etc. Cengage Learning Asia Pte Ltd. ,
Date of publication, distribution, etc. c2009.
300 ## - PHYSICAL DESCRIPTION
Other physical details various paging : ill. ;
Dimensions 22 cm.
490 ## - SERIES STATEMENT
Materials specified Shelly Cashman series
504 ## - BIBLIOGRAPHY, ETC. NOTE
Bibliography, etc. note Includes index.<br/>
650 ## - SUBJECT ADDED ENTRY--TOPICAL TERM
Topical term or geographic name entry element 1. Microsoft Visual BASIC.
650 ## - SUBJECT ADDED ENTRY--TOPICAL TERM
Topical term or geographic name entry element 2. BASIC (Computer program language).
942 ## - ADDED ENTRY ELEMENTS (KOHA)
Source of classification or shelving scheme Dewey Decimal Classification
Suppress in OPAC No
Koha item type Book Circulation
Edition Philippine edition
Call number prefix Circ.
Holdings
Withdrawn status Lost status Source of classification or shelving scheme Damaged status Not for loan Home library Current library Date acquired Source of acquisition Total Checkouts Full call number Barcode Date last seen Copy number Price effective from Koha item type Uniform Resource Identifier
    Dewey Decimal Classification     College Library College Library 11/05/2009 School Fund   Circ. 005.133 M626v 2009 46912 06/27/2024 c1 06/27/2024 Book Circulation
    Dewey Decimal Classification     College Library College Library 11/16/2011 School Fund   Circ. 005.133 M626v 2009 48993 06/27/2024 c2 06/27/2024 Book Circulation